000 00510nam a22001697a 4500
005 20231204144339.0
008 231204b |||||||| |||| 00| 0 eng d
020 _a9780409125313 ; 9780409125313
041 _aEnglish
082 _a349 JOU
100 _lEnglish
245 _aThe Law of South Africa /
_cedited by JA Faris
260 _aDurban :
_bLexisNexis (Pty) Ltd,
_c2016
300 _bxv, 484 pages ;
_c26 cm.
650 _aLegal practice
_bLaw
942 _cBK
_6ALISON_BN_VRIES
999 _c1115
_d1115